00505nam a2200193Ia 4500008004100000041001200041082001100053100004300064245003600107260003300143300000800176365000700184520001200191546001200203630003600215650001200251655001200263730003600275101110s9999 xx 000 0 und d aENGLISH bJR5072 aShukla V.N., Hari V., Jayade P.V. etc. aFundamentals of physics XI Sci. c2006bNirali Prakashan, Pune a279 b56 aPhysics aENGLISH aFundamentals of physics XI Sci. aPhysics aPhysics aFundamentals of physics XI Sci.